|
|
|
|
| LEADER |
01488nam a2200397Ia 4500 |
| 001 |
EBC3300960 |
| 003 |
MiAaPQ |
| 005 |
20200520144314.0 |
| 006 |
m o d | |
| 007 |
cr cn||||||||| |
| 008 |
100818s2011 maub sb 001 0 eng d |
| 010 |
|
|
|z 2010033607
|
| 020 |
|
|
|z 9780674057913
|
| 020 |
|
|
|z 0674057910
|
| 035 |
|
|
|a (MiAaPQ)EBC3300960
|
| 035 |
|
|
|a (Au-PeEL)EBL3300960
|
| 035 |
|
|
|a (CaPaEBR)ebr10491783
|
| 035 |
|
|
|a (OCoLC)754841334
|
| 040 |
|
|
|a MiAaPQ
|c MiAaPQ
|d MiAaPQ
|
| 050 |
|
4 |
|a HC427
|b .R66 2011
|
| 082 |
0 |
4 |
|a 330.94
|2 22
|
| 100 |
1 |
|
|a Rosenthal, Jean-Laurent.
|
| 245 |
1 |
0 |
|a Before and beyond divergence
|h [electronic resource] :
|b the politics of economic change in China and Europe /
|c Jean-Laurent Rosenthal, R. Bin Wong.
|
| 260 |
|
|
|a Cambridge, MA :
|b Harvard University Press,
|c 2011.
|
| 300 |
|
|
|a xi, 276 p. :
|b maps.
|
| 504 |
|
|
|a Includes bibliographical references (p. 245-262) and index.
|
| 533 |
|
|
|a Electronic reproduction. Ann Arbor, MI : ProQuest, 2015. Available via World Wide Web. Access may be limited to ProQuest affiliated libraries.
|
| 650 |
|
0 |
|a Comparative economics.
|
| 651 |
|
0 |
|a China
|x Economic conditions.
|
| 651 |
|
0 |
|a China
|x Economic policy.
|
| 651 |
|
0 |
|a Europe
|x Economic conditions.
|
| 651 |
|
0 |
|a Europe
|x Economic policy.
|
| 655 |
|
4 |
|a Electronic books.
|
| 700 |
1 |
|
|a Wong, Roy Bin.
|
| 710 |
2 |
|
|a ProQuest (Firm)
|
| 856 |
4 |
0 |
|u https://ebookcentral.proquest.com/lib/matrademy/detail.action?docID=3300960
|z Click to View
|